000 00731nam a2200289Ia 4500
001 108
005 20240113233355.0
007 ta
008 041127s 198 a g b000 u eng u
020 _cPB
040 _aCotton College,Assam
041 _aeng
082 _a581.2
_bMe 474 Pl
100 _aMehrotra, R.S..
245 0 _aPlant Pathology /
_cR.S. Mehrotra.
_hTextual Documents
260 _aNew Delhi :
_bTata Mcgraw-Hill Publishing Company Ltd ,
_cC 1980.
300 _axv, 771p. :
_bill ;
_c25cm. .
504 _aIndex
653 _aBotany
653 _aPlant Pathology
942 _2ddc
_cBK
999 _c108
_d108